000
00291nam a22001337a 4500
008
260427b ||||| |||| 00| 0 eng d
020
_a
9789928303097
041
_a
Shqip
080
_a
821.13
100
_a
20
101
_a
Roman
245
_a
Zemra
_c
Edmondo de Amiçis
942
_2
udc
_c
BK
999
_c
60999
_d
60999